LEADER 01982oas 2200805 a 450 001 9910229230603321 005 20251106213014.0 035 $a(OCoLC)47949346 035 $a(CONSER) 2009268043 035 $a(CKB)1000000000044588 035 $a(EXLCZ)991000000000044588 100 $a20010912b19201922 sy a 101 0 $aeng 135 $aurmnu|||||||| 181 $ctxt$2rdacontent 182 $cc$2rdamedia 183 $acr$2rdacarrier 200 00$aNotre Dame law reporter 210 $aNotre Dame, Ind. $cNotre Dame Law Reporter Association$dİ1920-1922 215 $a1 online resource 300 $aTitle from title screen as viewed 9/12/01. 606 $aLaw$zIndiana$vPeriodicals 606 $aLaw$vPeriodicals 606 $aMoot courts$vPeriodicals 606 $aLaw$2fast$3(OCoLC)fst00993678 606 $aMoot courts$2fast$3(OCoLC)fst01025998 607 $aIndiana$2fast$1https://id.oclc.org/worldcat/entity/E39PBJbCKVkqV8TwrFTJTvrrMP 608 $aPeriodicals.$2fast 608 $aInternet resources.$2gtlm 608 $aPeriodicals.$2lcgft 615 0$aLaw 615 0$aLaw 615 0$aMoot courts 615 7$aLaw. 615 7$aMoot courts. 676 $a340 712 02$aNotre Dame Law Reporter Association 801 0$bFPS 801 1$bFPS 801 2$bOCLCQ 801 2$bNDO 801 2$bEMI 801 2$bNDO 801 2$bCUD 801 2$bOCLCQ 801 2$bOCLCF 801 2$bOCLCQ 801 2$bOCLCA 801 2$bDLC 801 2$bVT2 801 2$bUAB 801 2$bHUL 801 2$bUEJ 801 2$bYYP 801 2$bFIE 801 2$bADU 801 2$bS2H 801 2$bOCLCE 801 2$bCUS 801 2$bBWN 801 2$bOCLCQ 801 2$bU3W 801 2$bOCLCL 801 2$bOCLCQ 801 2$bOCLCL 801 2$bOCLCQ 906 $aJOURNAL 912 $a9910229230603321 996 $aNotre Dame law reporter$92000506 997 $aUNINA